Francisco del Rosario Sánchez : (Registro nro. 45298)
[ vista simple ]
| 000 -CABECERA | |
|---|---|
| campo de control de longitud fija | 00671nam a2200205 a 4500 |
| 001 - NÚMERO DE CONTROL | |
| campo de control | 000045809 |
| 003 - IDENTIFICADOR DEL NÚMERO DE CONTROL | |
| campo de control | DO-SdBNP |
| 005 - FECHA Y HORA DE LA ÚLTIMA TRANSACCIÓN | |
| campo de control | 20250129073605.0 |
| 008 - DATOS DE LONGITUD FIJA--INFORMACIÓN GENERAL | |
| campo de control de longitud fija | 150515s19uu dr a 000 0 spa d |
| 040 ## - FUENTE DE LA CATALOGACIÓN | |
| Centro catalogador/agencia de origen | DO-SdBNP |
| Lengua de catalogación | spa |
| Centro/agencia transcriptor | BNPHU |
| 082 ## - NÚMERO DE LA CLASIFICACIÓN DECIMAL DEWEY | |
| Número de clasificación | xxxx |
| Número de documento/Ítem | xxxx |
| 100 1# - ENTRADA PRINCIPAL--NOMBRE DE PERSONA | |
| Nombre de persona | Balcácer, Juan Daniel, |
| Fechas asociadas al nombre | 1949- |
| 9 (RLIN) | 6566 |
| 245 10 - MENCIÓN DE TÍTULO | |
| Título | Francisco del Rosario Sánchez : |
| Resto del título | héroe y mártir de la República / |
| Mención de responsabilidad, etc. | Juan Daniel Balcácer. |
| 260 ## - PUBLICACIÓN, DISTRIBUCIÓN, ETC. | |
| Lugar de publicación, distribución, etc. | [Santo Domingo : |
| Nombre del editor, distribuidor, etc. | El Siglo, |
| Fecha de publicación, distribución, etc. | [s. f. ]. |
| 300 ## - DESCRIPCIÓN FÍSICA | |
| Extensión | 32 p. : |
| Otras características físicas | il. ; |
| Dimensiones | 28 cm. |
| 504 ## - NOTA DE BIBLIOGRAFÍA, ETC. | |
| Nota de bibliografía, etc. | Bibliografía : p. 24 |
| 590 ## - NOTA LOCAL (RLIN) | |
| Nota local | Inventariado, 2019/ YL |
| 600 14 - PUNTO DE ACCESO ADICIONAL DE MATERIA--NOMBRE DE PERSONA | |
| 9 (RLIN) | 81140 |
| Nombre de persona | Sánchez, Francisco del Rosario, |
| Fechas asociadas al nombre | 1817-1861 |
| 942 ## - ELEMENTOS DE PUNTO DE ACCESO ADICIONAL (KOHA) | |
| Fuente del sistema de clasificación o colocación | Dewey Decimal Classification |
| Tipo de ítem Koha | Libro |
| Estado de retiro | Estado de pérdida | No para préstamo | Código de colección | Localización permanente | Ubicación/localización actual | Ubicación en estantería | Fecha de adquisición | Número de inventario | Total de préstamos | Signatura topográfica completa | Código de barras | Fecha visto por última vez | Precio válido a partir de | Tipo de ítem Koha | Número de copia |
|---|---|---|---|---|---|---|---|---|---|---|---|---|---|---|---|
| Excluido de préstamo | Patrimonio Dominicano | Patrimonio Dominicano | Patrimonio Dominicano | Depósito | 15.05.2015 | LF1 | xxxx xxxx | 45809-10 | 25.06.2020 | 25.06.2020 | Libro y Folleto Colección Patrimonio Dominicano | ||||
| Excluido de préstamo | Patrimonio Dominicano | Patrimonio Dominicano | Patrimonio Dominicano | Depósito | 29.05.2019 | LF1 | xxxx xxxx | 45809-20 | 25.06.2020 | 25.06.2020 | Libro y Folleto Colección Patrimonio Dominicano | e 2 |
